00491nam a2200145Ia 4500999001700000082001200017100001800029245007200047260000900119300001000128650004200138710004000180942001200220952011300232 c20302d20302 aRR.002; aRastogi, S.R. 0aSocio-economic dimensions of rural-urban migration in Uttar Pradesh c1986 a120p. aRURAL URBAN MIGRATION - UTTAR PRADESH aPopulation Research Centre, Lucknow cRP2ddc 00104070aNASSDOCbNASSDOCd2004-10-08i2004-10-22l0oRR.002;p26075r2019-04-18 00:00:00w2019-04-18yRP